| 000 | 004510000a22001570004500 | ||
|---|---|---|---|
| 003 | MACL | ||
| 005 | 20180313151011.0 | ||
| 008 | 180313b xxu||||| |||| 00| 0 eng d | ||
| 040 | _cmacl | ||
| 100 |
_aनेमिचन्द जैन _942585 |
||
| 245 | _aजनान्तिक | ||
| 260 |
_bसंभावना प्रकाशन _c1993 |
||
| 350 | _a120 | ||
| 650 |
_aसाहित्य _971289 |
||
| 942 |
_cHIN _k800/JAI/L _2ddc |
||
| 999 |
_c19882 _d19882 |
||